[Event "HB Global CC"]
[Site "Minneapolis USA"]
[Date "2005.05.21"]
[Round "7"]
[White "Hess,Ro"]
[Black "Foygel,I"]
[Result "0-1"]
[WhiteElo "2278"]
[BlackElo "2438"]
[EventDate "2005.05.18"]

1. e4 d6 2. d4 Nf6 3. Nc3 g6 4. f3 c6 5. Be3 Qb6 6. Qd2 Qxb2 7. Rb1 Qa3 8.
Bc4 Bg7 9. Nge2 Qa5 10. O-O Nbd7 11. h3 Qc7 12. Bb3 O-O 13. f4 b5 14. e5 b4
15. Na4 Nd5 16. Bxd5 cxd5 17. Rxb4 Ba6 18. Rfb1 Rac8 19. Nac3 e6 20. exd6
Qxd6 21. Na4 Bc4 22. Nc1 a5 23. Rb7 Qc6 24. Qxa5 Ra8 25. Qc7 Qxa4 26. Qxd7
Qxc2 27. R7b2 Qe4 28. Bf2 Qxf4 29. Nb3 Bxb3 30. axb3 Rac8 31. g3 Rc1+ 32.
Kh2 Rxb1 33. gxf4 Rxb2 0-1

[Event "HB Global CC"]
[Site "Minneapolis USA"]
[Date "2005.05.21"]
[Round "7"]
[White "Wendt,J"]
[Black "Vasquez,R"]
[Result "0-1"]
[WhiteElo "2289"]
[BlackElo "2551"]
[EventDate "2005.05.18"]

1. Nf3 d5 2. d4 Nf6 3. c4 c6 4. Nc3 e6 5. Bg5 dxc4 6. e4 b5 7. e5 h6 8. Bh4
g5 9. Nxg5 hxg5 10. Bxg5 Nbd7 11. g3 Qb6 12. exf6 Bb7 13. Bg2 O-O-O 14. O-O
c5 15. d5 b4 16. Rb1 Qa6 17. dxe6 Bxg2 18. e7 Bxf1 19. Kxf1 Qc6 20. exd8=Q+
Kxd8 21. Nd5 Rxh2 22. Qf3 Ne5 23. Qe4 Nd3 24. f3 Rh1+ 0-1

[Event "HB Global CC"]
[Site "Minneapolis USA"]
[Date "2005.05.21"]
[Round "7"]
[White "Moncayo Romero,E"]
[Black "Fedorowicz,J"]
[Result "1/2-1/2"]
[WhiteElo "2267"]
[BlackElo "2513"]
[EventDate "2005.05.18"]

1. e4 c5 2. Nf3 d6 3. d4 cxd4 4. Nxd4 Nf6 5. Nc3 a6 6. Be3 e6 7. f3 b5 8.
Qd2 Nbd7 9. O-O-O Nb6 10. g4 Bb7 11. Bd3 Rc8 12. Kb1 Nfd7 13. Rhe1 Be7 14.
f4 Nc4 15. Bxc4 Rxc4 16. Bf2 b4 17. Nd5 exd5 18. exd5 Rxd4 19. Qxd4 O-O 20.
Qxb4 Bc8 21. g5 Nc5 22. Qc3 Bg4 23. Rd2 Re8 24. h3 Bd7 25. Rde2 Bf8 26.
Rxe8 Bxe8 27. b4 Na4 28. Qd4 Bd7 29. h4 a5 30. a3 axb4 31. axb4 g6 32. Qd2
Qc8 33. Bd4 Qc4 34. Ba1 Bg7 35. Re3 Bxa1 36. Kxa1 Qf1+ 37. Ka2 Bb5 38. Re1
Qc4+ 39. Ka3 Nc3 40. Ra1 Nxd5 41. Kb2 Bc6 42. c3 Nb6 43. Qxd6 Qe2+ 44. Kc1
Qe1+ 45. Kc2 Qe2+ 46. Kc1 Qe1+ 47. Kc2 1/2-1/2

[Event "HB Global CC"]
[Site "Minneapolis USA"]
[Date "2005.05.21"]
[Round "7"]
[White "Vuilleumier,A"]
[Black "Sokolin,L"]
[Result "1/2-1/2"]
[WhiteElo "2245"]
[BlackElo "2513"]
[EventDate "2005.05.18"]

1. e4 Nc6 2. Nf3 d5 3. exd5 Qxd5 4. Nc3 Qa5 5. Bb5 Bd7 6. O-O a6 7. Bxc6
Bxc6 8. d4 O-O-O 9. Ne5 Be8 10. a3 e6 11. Be3 c5 12. b4 Qc7 13. bxc5 Bxc5
14. Qg4 f5 15. Qf4 Bd6 16. Ne2 Nf6 17. Bd2 Bc6 18. Bb4 Nd5 19. Qg3 Nxb4 20.
axb4 g5 21. Qb3 Bxe5 22. Qxe6+ Kb8 23. Qxe5 Rhe8 24. Qxc7+ Kxc7 25. Rfe1
Bb5 26. Nc3 Rxe1+ 27. Rxe1 Rxd4 28. Nxb5+ axb5 29. c3 Rd3 30. g3 Kd6 31. f4
gxf4 32. gxf4 Rxc3 33. Re5 Rc4 34. Rxb5 Kc6 35. Rxf5 Rxb4 36. Rf7 b5 37.
Kg2 Rb2+ 38. Kg3 1/2-1/2

[Event "HB Global CC"]
[Site "Minneapolis USA"]
[Date "2005.05.22"]
[Round "8"]
[White "Ibragimov,I"]
[Black "Christiansen,L"]
[Result "1-0"]
[WhiteElo "2611"]
[BlackElo "2524"]
[EventDate "2005.05.18"]

1. d4 Nf6 2. c4 e6 3. Nf3 b6 4. g3 Bb7 5. Bg2 Bb4+ 6. Bd2 a5 7. O-O O-O 8.
Bf4 Be7 9. Nc3 Ne4 10. Nxe4 Bxe4 11. d5 Bf6 12. Qd2 Na6 13. Ne1 Bxg2 14.
Kxg2 Nc5 15. f3 d6 16. e4 Qd7 17. Rc1 a4 18. Be3 Rfe8 19. Rf2 exd5 20. cxd5
Qb5 21. Bd4 Bxd4 22. Qxd4 Re7 23. Rd1 Rf8 24. Nc2 f5 25. exf5 Rxf5 26. Nb4
Qe8 27. Nc6 Re3 28. Rdd2 h6 29. Qc4 Kh8 30. Nd4 Rf8 31. Rde2 Rxe2 32. Rxe2
Qf7 33. Re3 Re8 34. Ne6 Qf6 35. Re2 Re7 36. h4 b5 37. Qxb5 Nxe6 38. dxe6
Rxe6 39. Rf2 Qd4 40. Qb8+ Kh7 41. Qxc7 Re1 42. Qc2+ Kh8 43. Qd2 Qe5 44. Qd3
Re3 45. Qc4 a3 46. bxa3 d5 47. Qc8+ Kh7 48. Qc2+ Kh8 49. a4 d4 50. Qd2 Qd5
51. a5 Ra3 52. Qb4 Rxa2 53. Qb8+ Qd8 1-0

[Event "HB Global CC"]
[Site "Minneapolis USA"]
[Date "2005.05.22"]
[Round "8"]
[White "Fridman,D2"]
[Black "Milman,L"]
[Result "1-0"]
[WhiteElo "2562"]
[BlackElo "2439"]
[EventDate "2005.05.18"]

1. d4 d5 2. c4 c6 3. Nc3 dxc4 4. e4 b5 5. a4 b4 6. Nce2 Nf6 7. Ng3 Ba6 8.
Nf3 e6 9. Bg5 Qa5 10. Rc1 c3 11. bxc3 bxc3 12. Qb3 Nbd7 13. Bxa6 Qxa6 14.
Qxc3 Rc8 15. Qc4 Qxc4 16. Rxc4 Nb6 17. Rc1 Ba3 18. Ra1 Bb4+ 19. Bd2 Be7 20.
Ke2 c5 21. Rhc1 O-O 22. dxc5 Bxc5 23. a5 Nbd7 24. Rab1 Rb8 25. Bf4 Rb4 26.
Rxb4 Bxb4 27. Bd2 Bc5 28. Ne5 Bd6 29. Nxd7 Nxd7 30. Rc6 Bb8 31. Be3 Ne5 32.
Ra6 Rc8 33. Bxa7 Bxa7 34. Rxa7 Nc6 35. Ra6 Kf8 36. Ke3 Ke8 37. Nh5 Kd7 38.
Nxg7 Rg8 39. Nh5 Rxg2 40. Nf6+ Kc7 41. Nxh7 Rxh2 42. Ng5 Rg2 43. Nxf7 Rg7
44. Ne5 1-0

[Event "HB Global CC"]
[Site "Minneapolis USA"]
[Date "2005.05.22"]
[Round "8"]
[White "Zarnicki,P"]
[Black "Filippov,Va"]
[Result "0-1"]
[WhiteElo "2523"]
[BlackElo "2621"]
[EventDate "2005.05.18"]

1. e4 e6 2. d4 d5 3. exd5 exd5 4. Nf3 Nf6 5. Bd3 Bg4 6. O-O Be7 7. Bg5 O-O
8. Nbd2 Nbd7 9. Re1 c5 10. dxc5 Nxc5 11. Nb3 Nce4 12. Be3 Nd6 13. h3 Bf5
14. Bxf5 Nxf5 15. Qd3 Nxe3 16. Rxe3 Bd6 17. c4 dxc4 18. Qxc4 Qb6 19. Rc1
Rad8 20. Ne5 g6 21. Qh4 Nd5 22. Nc4 Qa6 23. Rd3 Nf4 24. Re3 Qc6 25. f3 Bb8
26. Kh1 Qd5 27. Ncd2 f5 28. Qe1 Nd3 29. Rxd3 Qxd3 30. Nc4 Bf4 31. Nc5 0-1

[Event "HB Global CC"]
[Site "Minneapolis USA"]
[Date "2005.05.22"]
[Round "8"]
[White "Li Wenliang"]
[Black "Kacheishvili,G"]
[Result "0-1"]
[WhiteElo "2422"]
[BlackElo "2597"]
[EventDate "2005.05.18"]

1. d4 Nf6 2. c4 e6 3. Nf3 d5 4. Nc3 Bb4 5. cxd5 exd5 6. Bg5 O-O 7. e3 c5 8.
Bd3 c4 9. Bc2 h6 10. Bh4 Nbd7 11. Bf5 g6 12. Bxd7 Bxd7 13. Nd2 Bc6 14. O-O
Re8 15. Qc2 Bf8 16. a4 Rc8 17. b3 cxb3 18. Qxb3 g5 19. Bg3 Nh5 20. Be5 f6
21. Bg3 Nxg3 22. hxg3 Kh8 23. a5 a6 24. Qb2 Rc7 25. Nb3 h5 26. e4 h4 27.
exd5 Bxd5 28. Nxd5 Qxd5 29. Rfe1 Rec8 30. Nc5 hxg3 31. Rad1 Bxc5 32. dxc5
gxf2+ 33. Qxf2 Qxc5 34. Re3 Kg7 35. Rf1 Rf7 36. Ra1 Qd4 37. Rb1 Rc5 38.
Rxb7 Rc1+ 39. Kh2 Qd6+ 0-1

[Event "HB Global CC"]
[Site "Minneapolis USA"]
[Date "2005.05.22"]
[Round "8"]
[White "Kiriakov,P"]
[Black "Kraai,J"]
[Result "1/2-1/2"]
[WhiteElo "2565"]
[BlackElo "2416"]
[EventDate "2005.05.18"]

1. d4 e6 2. c4 Nf6 3. Nc3 Bb4 4. Qc2 O-O 5. a3 Bxc3+ 6. Qxc3 Ne4 7. Qc2 f5
8. e3 b6 9. Nh3 Bb7 10. f3 Ng5 11. Nf2 c5 12. Be2 cxd4 13. exd4 Nc6 14. Qd2
Nf7 15. b4 Qh4 16. Bb2 Ne7 17. g3 Qg5 18. Nh3 Qxd2+ 19. Kxd2 g5 20. Rhg1 h5
21. Nf2 Nd6 22. Rac1 Rac8 23. c5 Nf7 24. b5 Nd5 25. Nd3 g4 26. Nf4 Ng5 27.
Nxd5 Bxd5 28. fxg4 hxg4 29. cxb6 axb6 30. Rxc8 Rxc8 31. Rc1 Ra8 32. Rc7
Ne4+ 33. Ke3 Nf6 34. Kf2 Kf7 35. Bc1 Ke7 36. Bd3 Ra4 1/2-1/2

[Event "HB Global CC"]
[Site "Minneapolis USA"]
[Date "2005.05.22"]
[Round "8"]
[White "Vasquez,R"]
[Black "Contreras,H"]
[Result "1-0"]
[WhiteElo "2551"]
[BlackElo "2323"]
[EventDate "2005.05.18"]

1. e4 c5 2. Nf3 d6 3. d4 cxd4 4. Nxd4 Nf6 5. Nc3 a6 6. Bg5 e6 7. f4 Be7 8.
Qf3 h6 9. Bh4 Nbd7 10. O-O-O Qc7 11. Be2 b5 12. Bxf6 Nxf6 13. e5 Bb7 14.
Qg3 dxe5 15. fxe5 Nd7 16. Nxe6 fxe6 17. Bh5+ Kd8 18. Qxg7 Rf8 19. Bg4 Qc5
20. Bxe6 Bc6 21. Bxd7 Bxd7 22. Qg4 Bd6 23. Qe4 Bc6 24. Qg6 Kc7 25. Rxd6
Rae8 26. Rhd1 Kb7 27. Qxh6 b4 28. Nd5 Rc8 29. Qe3 Bxd5 30. Qxc5 1-0

[Event "HB Global CC"]
[Site "Minneapolis USA"]
[Date "2005.05.22"]
[Round "8"]
[White "Sevillano,E"]
[Black "Taylor,T"]
[Result "1/2-1/2"]
[WhiteElo "2450"]
[BlackElo "2297"]
[EventDate "2005.05.18"]

1. e4 Nf6 2. e5 Nd5 3. c4 Nb6 4. d4 d6 5. exd6 cxd6 6. Nc3 g6 7. Bg5 Bg7 8.
c5 dxc5 9. dxc5 N6d7 10. Bb5 O-O 11. Nge2 Nf6 12. O-O Nc6 13. Qa4 Bd7 14.
Rad1 a6 15. Bxc6 bxc6 16. Qf4 Ra7 17. Rd2 Qb8 18. Qxb8 Rxb8 19. Rfd1 Rbb7
20. h3 h6 21. Be3 a5 22. b3 Kh7 23. Bd4 Be8 24. Na4 Ne4 25. Rd3 e5 26. Bb2
Rd7 27. Rxd7 Bxd7 28. h4 Bc8 29. Re1 Bf8 30. Bxe5 Nxc5 31. Bd4 Nd3 32. Bxa7
Nxe1 33. Nd4 Bd7 34. Nb6 Be8 35. Nc4 c5 36. Ne2 a4 37. Nc1 axb3 38. axb3
Bb5 39. Kf1 Nc2 40. Ke2 Nd4+ 41. Kd3 Nc6 42. Bb6 Bg7 43. Ke4 Nd4 44. Na5
Bf1 45. g3 Bg2+ 46. Ke3 Ne6 47. Ne2 Bd5 48. Nc4 Nd4 49. Nf4 Ba8 50. Nd2 g5
51. hxg5 hxg5 52. Ne2 Bd5 53. Nxd4 Bxd4+ 54. Ke2 Kg6 55. b4 Bc3 56. Bxc5
Bxd2 57. Kxd2 Kf5 58. Kc3 Ke6 59. b5 f5 60. Kd4 g4 61. Bf8 Be4 62. Bh6 Kd7
63. Ke5 Kc7 64. Be3 Kb7 65. b6 Bb1 1/2-1/2

[Event "HB Global CC"]
[Site "Minneapolis USA"]
[Date "2005.05.22"]
[Round "8"]
[White "Mariano,N1"]
[Black "Stein,Alex"]
[Result "1/2-1/2"]
[WhiteElo "2468"]
[BlackElo "2362"]
[EventDate "2005.05.18"]

1. e4 e5 2. Nf3 Nc6 3. Bb5 a6 4. Ba4 Nf6 5. d3 b5 6. Bb3 Be7 7. O-O O-O 8.
a4 b4 9. Re1 d6 10. c3 Rb8 11. Nbd2 bxc3 12. bxc3 Nd7 13. Nc4 Nb6 14. a5
Nxc4 15. Bxc4 Na7 16. d4 exd4 17. cxd4 Nb5 18. h3 c6 19. Bf4 Be6 20. Bf1
Bf6 21. Qa4 c5 22. Be3 Bd7 23. Qd1 Bc6 24. Rc1 Qxa5 25. e5 Bxf3 26. Qxf3
dxe5 27. dxe5 Bxe5 28. Bxc5 Bb2 29. Rb1 Nc3 30. Bxf8 Nxb1 31. Rxb1 Kxf8 32.
Qd3 Kg8 33. Qd4 Qa3 34. Qf4 Rf8 35. Bc4 a5 36. g3 Qc3 37. Rd1 Qf6 1/2-1/2

[Event "HB Global CC"]
[Site "Minneapolis USA"]
[Date "2005.05.22"]
[Round "9"]
[White "Van Wely,L"]
[Black "Ivanov,AV USA"]
[Result "1/2-1/2"]
[WhiteElo "2687"]
[BlackElo "2563"]
[EventDate "2005.05.18"]

1. d4 Nf6 2. Nf3 e6 3. Bg5 h6 4. Bh4 Be7 5. Nbd2 d5 6. e3 b6 7. c3 Bb7 8.
Ne5 Nfd7 9. Bxe7 Qxe7 10. f4 O-O 11. Bd3 Nxe5 12. fxe5 f6 13. O-O Nd7 14.
exf6 Rxf6 15. Rxf6 Nxf6 16. Nf3 Nd7 17. Qe1 e5 18. Bf5 e4 19. Nh4 Nf8 20.
Qg3 Qd6 21. Qxd6 cxd6 22. Rf1 Ba6 23. Rf2 g5 24. Ng6 Nxg6 25. Bxg6 Rf8 26.
Bf5 Kg7 27. Be6 Rxf2 28. Kxf2 Bb7 29. Bd7 Kf6 30. Kg3 Ke7 31. Bg4 Ba6 32.
h4 Bc4 33. hxg5 hxg5 34. b3 Bd3 35. Bc8 Bb1 36. a3 Bc2 37. b4 Bd1 38. Bg4
Ba4 39. Be2 Bd7 40. c4 dxc4 41. Bxc4 Bf5 42. Bd5 Kf6 43. Kf2 Kg6 44. Bc6
Kf6 45. Bd5 Kg6 46. Ke1 Kf6 47. Bc6 Kg6 48. Ke2 Kf6 49. Bd5 Kg6 50. Bb3 Kf6
51. Kf2 Kg6 52. Ke1 Kf6 53. Bd1 d5 54. Ba4 Be6 55. Kf2 Kg6 56. Kg3 Kf6 57.
Bd1 Ke7 58. Bg4 Bf7 59. Bc8 Bh5 60. Bg4 Bf7 1/2-1/2

[Event "HB Global CC"]
[Site "Minneapolis USA"]
[Date "2005.05.22"]
[Round "9"]
[White "Sadvakasov,D"]
[Black "Gonzalez,Ren"]
[Result "1/2-1/2"]
[WhiteElo "2605"]
[BlackElo "2483"]
[EventDate "2005.05.18"]

1. e4 d5 2. exd5 Qxd5 3. Nc3 Qa5 4. d4 Nf6 5. Nf3 c6 6. Bc4 Bf5 7. Bd2 e6
8. Nd5 Qd8 9. Nxf6+ gxf6 10. c3 Nd7 11. Qe2 Qc7 12. Nh4 Bg6 13. O-O O-O-O
14. b4 f5 15. g3 Bd6 16. Ng2 Rde8 17. Rfe1 Nf6 18. Bf4 Rhg8 19. Bxd6 Qxd6
20. Qe5 Qxe5 21. dxe5 Nd5 22. Rac1 Rd8 23. Bb3 Rd7 24. a3 Rgd8 25. Kf1 c5
26. f3 Ne7 27. Nf4 Rd2 28. Re2 Rxe2 29. Kxe2 Nc6 30. h4 c4 31. Ba4 Nxe5 32.
h5 a6 33. hxg6 hxg6 34. Rh1 g5 35. Nh3 Rd3 36. Nxg5 Rxc3 37. Be8 Rxa3 38.
Bxf7 Ra2+ 39. Ke3 Ra3+ 40. Kd4 Nxf7 41. Nxf7 Rxf3 42. Kc5 c3 43. Nd6+ Kd8
44. Nxb7+ Ke7 45. Rg1 c2 46. Rc1 Rc3+ 47. Kd4 Rxg3 48. Rxc2 Rb3 49. Kc4 Ra3
50. Nc5 e5 51. Kd5 e4 52. Ke5 e3 53. Kxf5 Kd6 54. Ke4 Kc6 55. Kd4 Kb5 56.
Rb2 e2 57. Rxe2 a5 58. bxa5 Rxa5 59. Kd5 Kb4 60. Re4+ Kc3 61. Re3+ Kd2 62.
Re8 Ra7 63. Kd4 Rh7 64. Ne4+ Kc2 65. Rc8+ Kb2 66. Nf2 Rd7+ 67. Ke3 Kb3 68.
Nd3 Rh7 69. Nc5+ Kb4 70. Kd4 1/2-1/2

[Event "HB Global CC"]
[Site "Minneapolis USA"]
[Date "2005.05.22"]
[Round "9"]
[White "Novikov,I"]
[Black "Schneider,Dm"]
[Result "1/2-1/2"]
[WhiteElo "2589"]
[BlackElo "2466"]
[EventDate "2005.05.18"]

1. d4 d5 2. c4 e6 3. Nf3 c5 4. cxd5 exd5 5. Nc3 Nc6 6. g3 Nf6 7. Bg2 Be7 8.
O-O O-O 9. Bf4 Be6 10. Rc1 c4 11. Ne5 Rc8 12. Nxc6 bxc6 13. b3 Ba3 14. Rb1
Bf5 15. e4 Nxe4 16. Nxe4 dxe4 17. bxc4 Bd6 18. Be3 Qd7 19. d5 c5 20. Qc2
Rfe8 21. Rb5 h5 22. Rfb1 h4 23. Rb7 Rc7 24. Rb8 Rcc8 25. R8b7 Rc7 26. Rb8
Rcc8 27. R8b7 1/2-1/2

[Event "HB Global CC"]
[Site "Minneapolis USA"]
[Date "2005.05.22"]
[Round "9"]
[White "Milman,L"]
[Black "Kiriakov,P"]
[Result "1-0"]
[WhiteElo "2439"]
[BlackElo "2565"]
[EventDate "2005.05.18"]

1. e4 e6 2. d4 d5 3. Nc3 Nf6 4. e5 Nfd7 5. f4 c5 6. Nf3 Nc6 7. Be3 h6 8.
Qd2 g5 9. dxc5 gxf4 10. Bxf4 Nxc5 11. O-O-O Bd7 12. Kb1 a6 13. Bd3 Qa5 14.
Qf2 b5 15. Bd2 b4 16. Ne2 Na4 17. Rhf1 Bc5 18. Nfd4 Nxd4 19. Nxd4 O-O-O 20.
Qh4 Qb6 21. Nb3 Bf8 22. Rxf7 Rg8 23. Rdf1 Bb5 24. Qf4 Bxd3 25. cxd3 Qb5 26.
Qd4 1-0

[Event "HB Global CC"]
[Site "Minneapolis USA"]
[Date "2005.05.22"]
[Round "9"]
[White "Foygel,I"]
[Black "Vasquez,R"]
[Result "1-0"]
[WhiteElo "2438"]
[BlackElo "2551"]
[EventDate "2005.05.18"]

1. e4 c5 2. Nf3 e6 3. d3 Nc6 4. g3 d5 5. Nbd2 Bd6 6. Bg2 Nge7 7. O-O O-O 8.
Nh4 Rb8 9. f4 f5 10. Re1 b5 11. Ndf3 h6 12. Be3 d4 13. Bf2 Bc7 14. a4 bxa4
15. exf5 exf5 16. Qb1 Kh7 17. Rxa4 Nd5 18. Rc4 Qd6 19. Ne5 Na5 20. Ra4 Nc3
21. bxc3 Rxb1 22. Rxb1 Bb6 23. cxd4 cxd4 24. Rb5 Qc7 25. Nc4 Nxc4 26. Rxc4
Qe7 27. Re5 Qa3 28. Bh3 g6 29. Rc6 Qa4 30. Re7+ Kh8 31. Nxg6+ Kg8 32. Bg2
Qb5 33. Re5 Qa6 34. Bd5+ Rf7 35. Re7 1-0

[Event "HB Global CC"]
[Site "Minneapolis USA"]
[Date "2005.05.22"]
[Round "9"]
[White "Kudrin,S"]
[Black "Milovanovic,R"]
[Result "1/2-1/2"]
[WhiteElo "2554"]
[BlackElo "2399"]
[EventDate "2005.05.18"]

1. e4 c5 2. Nf3 e6 3. d4 cxd4 4. Nxd4 Nf6 5. Nc3 d6 6. g3 Nc6 7. Bg2 Bd7 8.
O-O Be7 9. Be3 O-O 10. Nxc6 Bxc6 11. a4 a6 12. a5 Rc8 13. Re1 Nd7 14. Na4
f5 15. Nb6 Nxb6 16. Bxb6 Qd7 17. Qd3 Bd8 18. Bxd8 fxe4 19. Bxe4 Bxe4 20.
Rxe4 Rfxd8 21. Rae1 e5 22. c4 h6 23. f4 Qf7 24. Qe2 exf4 25. Rxf4 Re8 26.
Rxf7 Rxe2 27. Rxg7+ Kxg7 28. Rxe2 Kf6 29. Re4 Rc6 30. Rh4 Kg6 31. Rd4 b6
32. b4 bxa5 33. bxa5 Kg7 34. Kf2 Rc5 35. Ke3 Rxa5 36. Rxd6 Ra2 37. Rd2 Ra1
38. Kd4 a5 39. c5 a4 40. Rc2 Rd1+ 41. Ke5 Re1+ 42. Kd5 Rd1+ 43. Kc4 Kf6 44.
Kb4 Rd4+ 45. Rc4 Rxc4+ 46. Kxc4 Ke5 47. g4 a3 48. Kb3 Kd5 49. h4 Kxc5 50.
h5 Kd5 51. g5 Ke6 52. g6 Kf6 53. Kxa3 Kg7 54. Kb4 Kg8 55. Kc4 Kh8 56. Kd5
Kg7 57. Ke6 Kg8 58. Kf6 Kf8 1/2-1/2

[Event "HB Global CC"]
[Site "Minneapolis USA"]
[Date "2005.05.22"]
[Round "9"]
[White "Fernandez,D USA"]
[Black "Rodriguez,And URU"]
[Result "1-0"]
[WhiteElo "2406"]
[BlackElo "2536"]
[EventDate "2005.05.18"]

1. e4 e6 2. d4 d5 3. e5 c5 4. c3 Bd7 5. Nf3 Qb6 6. a3 Nc6 7. b4 cxd4 8.
cxd4 Rc8 9. Be3 Nh6 10. Bd3 Ne7 11. Qe2 Nef5 12. O-O Be7 13. h3 Nxe3 14.
fxe3 Nf5 15. Kh2 h5 16. Nbd2 h4 17. Rfc1 O-O 18. Qf2 a5 19. Bxf5 exf5 20.
Nxh4 axb4 21. axb4 Qxb4 22. Rxc8 Bxc8 23. Rd1 g6 24. Qg3 Kg7 25. Ndf3 Qc3
26. Ng5 Rh8 27. e6 Qc6 28. Nxf5+ gxf5 29. Nxf7+ Kh7 30. Qe5 Rg8 31. Qxf5+
Kg7 32. Ng5 Qc7+ 33. Kh1 Bxg5 34. Qxg5+ Kh8 35. Qxd5 Rg6 36. Qh5+ Kg7 37.
d5 Qc2 38. Qe5+ Kh7 39. Rg1 Qc4 40. e4 Qe2 41. Qc7+ Rg7 42. Qxc8 Qxe4 43.
Qf8 Qxd5 44. e7 Rg3 45. Kh2 Qe5 46. e8=Q Rxh3+ 47. Kxh3 Qg3+ 48. Kxg3 1-0

[Event "HB Global CC"]
[Site "Minneapolis USA"]
[Date "2005.05.22"]
[Round "9"]
[White "Adamson,R"]
[Black "Sevillano,E"]
[Result "0-1"]
[WhiteElo "2344"]
[BlackElo "2450"]
[EventDate "2005.05.18"]

1. e4 c5 2. Nf3 Nc6 3. d4 cxd4 4. Nxd4 Nf6 5. Nc3 e5 6. Ndb5 d6 7. Bg5 a6
8. Na3 b5 9. Bxf6 gxf6 10. Nd5 Bg7 11. Bd3 Ne7 12. Nxe7 Qxe7 13. O-O O-O
14. c4 f5 15. Qf3 bxc4 16. Nxc4 d5 17. exd5 e4 18. Qe3 Qf6 19. Bc2 Bb7 20.
d6 f4 21. Qh3 Qg5 22. Rad1 Rad8 23. d7 f3 24. g3 f5 25. Nd6 Bc6 26. Bb3+
Kh8 27. Nf7+ Rxf7 28. Bxf7 e3 29. Rfe1 e2 30. Rd6 Rxd7 31. Bg6 Qxg6 32.
Rxd7 Bxd7 33. Qh4 Be6 34. Qd8+ Bg8 35. Qd3 Qg4 36. a3 Bxb2 37. h3 Qe4 38.
Qd2 Qe5 0-1

[Event "HB Global CC"]
[Site "Minneapolis USA"]
[Date "2005.05.22"]
[Round "9"]
[White "Moncayo Romero,E"]
[Black "Matikozian,A"]
[Result "0-1"]
[WhiteElo "2267"]
[BlackElo "2515"]
[EventDate "2005.05.18"]

1. e4 c5 2. Nf3 d6 3. d4 cxd4 4. Nxd4 Nf6 5. Nc3 a6 6. Be3 e5 7. Nb3 Be6 8.
f3 Nbd7 9. g4 b5 10. g5 Nh5 11. Qd2 Nb6 12. O-O-O Nc4 13. Bxc4 bxc4 14. Na1
Rc8 15. Nd5 Bxd5 16. Qxd5 Be7 17. h4 c3 18. Nb3 cxb2+ 19. Kxb2 Qc7 20. Qd2
O-O 21. Rh2 Rb8 22. Ka1 a5 23. Qxa5 Qc6 24. Rb1 Ra8 25. Qe1 d5 26. c3 dxe4
27. fxe4 Ra4 28. Re2 Rxe4 29. Na5 Qa4 30. c4 Ra8 31. Rb7 Rxa5 32. Qb1 Bf8
33. Rf2 Qxc4 34. Rc2 Qa4 35. Rc8 Rxe3 36. Rxf8+ Kxf8 37. Rb8+ Ke7 38. Rb7+
Kd6 39. Qb6+ Kd5 0-1

[Event "HB Global CC"]
[Site "Minneapolis USA"]
[Date "2005.05.22"]
[Round "9"]
[White "Abrahamyan,T"]
[Black "Li Wenliang"]
[Result "0-1"]
[WhiteElo "2220"]
[BlackElo "2422"]
[EventDate "2005.05.18"]

1. e4 Nf6 2. e5 Nd5 3. d4 d6 4. c4 Nb6 5. exd6 cxd6 6. Nc3 g6 7. Be3 Bg7 8.
Nf3 O-O 9. Be2 Nc6 10. O-O Bg4 11. b3 d5 12. c5 Nc8 13. Rb1 e6 14. b4 a6
15. a4 N8e7 16. b5 Bxf3 17. Bxf3 Na5 18. bxa6 Rxa6 19. Be2 Ra8 20. Rb6 Nf5
21. Nb5 Ra6 22. Rxa6 bxa6 23. Na3 Nc6 24. Bxa6 Ncxd4 25. Bxd4 Nxd4 26. Nc2
Qa5 27. Nxd4 Qxa6 28. Nb5 Rc8 29. Qb3 Rxc5 30. Qb4 Bf8 31. Qh4 Rc4 32. Qd8
Rxa4 33. Nc7 Qd6 0-1

[Event "HB Global CC"]
[Site "Minneapolis USA"]
[Date "2005.05.22"]
[Round "9"]
[White "Vavrak,P"]
[Black "Del Mundo,A"]
[Result "0-1"]
[WhiteElo "2406"]
[BlackElo "2264"]
[EventDate "2005.05.18"]

1. d4 Nf6 2. c4 c6 3. Nc3 d5 4. Nf3 dxc4 5. a4 Bf5 6. Ne5 e6 7. f3 Nfd7 8.
Nxc4 Bb4 9. Bf4 O-O 10. Qb3 c5 11. Bd6 Nc6 12. e3 Qg5 13. Kf2 cxd4 14. h4
Qf6 15. Bxb4 Nxb4 16. Qxb4 dxc3 17. Qxc3 e5 18. Rd1 Rac8 19. Qb4 Nc5 20.
Nd6 Rc6 21. Nxf5 Qxf5 22. Bb5 Rc7 23. Rd5 Qc2+ 24. Rd2 Qb3 25. Qxb3 Nxb3
26. Rd5 Rc2+ 27. Kg3 a6 28. Bd3 Rd2 29. Be4 Rxb2 30. Rxe5 b6 31. Rd1 Nc5
32. Bc6 Rc8 33. Rd6 Kf8 34. Bd5 f6 35. Rh5 Ke7 36. Rc6 Rxc6 37. Bxc6 Kd6
38. Ba8 h6 39. a5 Nd7 40. axb6 Nxb6 41. Be4 Rb5 42. Kg4 Nd5 43. Bxd5 Rxd5
44. Rf5 Rxf5 45. Kxf5 Kd5 46. h5 a5 47. Kg6 a4 48. Kxg7 a3 49. Kxh6 a2 50.
Kg6 a1=Q 51. h6 Ke6 52. h7 f5 0-1

[Event "HB Global CC"]
[Site "Minneapolis USA"]
[Date "2005.05.22"]
[Round "9"]
[White "Mahesh Chandran,P"]
[Black "Swathi,G"]
[Result "1-0"]
[WhiteElo "2473"]
[BlackElo "2238"]
[EventDate "2005.05.18"]

1. Nf3 c5 2. g3 Nc6 3. Bg2 g6 4. O-O Bg7 5. e4 d6 6. c3 e5 7. a3 a5 8. a4
Nge7 9. Na3 O-O 10. Re1 h6 11. Nb5 f5 12. exf5 Nxf5 13. Qb3+ Kh8 14. d3 Qf6
15. Nc7 Nfd4 16. cxd4 Nxd4 17. Qd5 Bg4 18. Bg5 Nxf3+ 19. Bxf3 Qxf3 20. Qxf3
Bxf3 21. Be7 Rf7 22. Bxd6 Rd8 23. Nb5 b6 24. Ra3 Re8 25. Bc7 Re6 26. d4 e4
27. d5 Rxc7 28. Nxc7 Rd6 29. Rxf3 exf3 30. Re8+ Kh7 31. Re7 1-0

[Event "HB Global CC"]
[Site "Minneapolis USA"]
[Date "2005.05.22"]
[Round "9"]
[White "Friedel,J"]
[Black "Salimbagat,R"]
[Result "1-0"]
[WhiteElo "2425"]
[BlackElo "2379"]
[EventDate "2005.05.18"]

1. e4 e5 2. Nf3 Nc6 3. Bb5 f5 4. Nc3 Nf6 5. Qe2 fxe4 6. Nxe4 Qe7 7. O-O d5
8. Nxf6+ gxf6 9. d4 e4 10. Nh4 f5 11. c4 a6 12. cxd5 axb5 13. dxc6 bxc6 14.
Qh5+ Qf7 15. Qxf7+ Kxf7 16. f3 e3 17. f4 Be6 18. Bxe3 Be7 19. Nf3 Bxa2 20.
Ne5+ Ke6 21. d5+ Bxd5 22. Rac1 Rhg8 23. g3 Ra6 24. Rfe1 Bd6 25. Bf2 Be4 26.
Nxc6 Kd7 27. Nd4 c6 28. Rcd1 Ra2 29. Re2 Rg6 30. Red2 Kc7 31. Kf1 Ra8 32.
Rc1 Kb7 33. Rcd1 Bb4 34. Re2 Rd6 35. g4 Rad8 36. gxf5 Bxf5 37. Re7+ R6d7
38. Rxd7+ Rxd7 39. Ra1 Bh3+ 40. Ke2 Bg4+ 41. Kf1 Bh3+ 42. Ke2 Bg4+ 43. Kf1
Bh5 44. Nb3 Rd1+ 45. Rxd1 Bxd1 46. Bc5 Bxc5 47. Nxc5+ Kc7 48. Kf2 Kd6 49.
Ne4+ Ke7 50. Ke3 h5 51. f5 Bc2 52. b4 h4 53. Kf4 Bd3 54. Ke5 Bf1 55. Ng5
Bd3 56. f6+ Kd7 57. Nf3 h3 58. Ng5 Bf1 59. Ne6 Bc4 60. f7 1-0

[Event "HB Global CC"]
[Site "Minneapolis USA"]
[Date "2005.05.22"]
[Round "9"]
[White "Kaufman,La"]
[Black "Glek,I"]
[Result "0-1"]
[WhiteElo "2367"]
[BlackElo "2597"]
[EventDate "2005.05.18"]

1. e4 c5 2. c3 e6 3. d4 d5 4. exd5 exd5 5. Nf3 a6 6. Be2 Nc6 7. O-O h6 8.
Re1 Be6 9. Bf4 Nf6 10. Nbd2 cxd4 11. Nxd4 Nxd4 12. cxd4 Bd6 13. Be5 O-O 14.
Bd3 Ng4 15. Bxd6 Qxd6 16. Nf3 Rac8 17. h3 Nf6 18. Qd2 Rc7 19. Ne5 Rfc8 20.
Re3 Ne4 21. Bxe4 dxe4 22. Rxe4 Rc2 23. Qe3 Rxb2 24. a4 Rcc2 25. Nd3 Ra2 26.
Rxa2 Rxa2 27. g3 Rxa4 28. Nf4 Ra1+ 29. Kh2 Bd5 30. Nxd5 Qxd5 31. Qf3 Kh7
32. Kg2 Ra3 33. Qxa3 Qxe4+ 34. Kg1 Qxd4 35. Qe7 Qd1+ 36. Kg2 Qd5+ 37. Kg1
a5 0-1